Pedinando Zavattini. Immagini e testimonianze dal Cerreto al Po (Record n. 93104)
[ formato base ]
| 000 -LEADER | |
|---|---|
| fixed length control field | 02165nam a2200289Ia 4500 |
| 001 - CONTROL NUMBER | |
| control field | H8153 |
| 003 - CONTROL NUMBER IDENTIFIER | |
| control field | IT-RoPAU |
| 008 - FIXED-LENGTH DATA ELEMENTS--GENERAL INFORMATION | |
| fixed length control field | 130308s9999 xx 000 0 und d |
| 040 ## - CATALOGING SOURCE | |
| Original cataloging agency | IT-RoPAU |
| 040 ## - CATALOGING SOURCE | |
| Transcribing agency | IT-RoPAU |
| 041 ## - LANGUAGE CODE | |
| Language code of text/sound track or separate title | ITALIANO |
| 100 ## - MAIN ENTRY--PERSONAL NAME | |
| Personal name | Gianolio Alfredo |
| 100 ## - MAIN ENTRY--PERSONAL NAME | |
| Miscellaneous information | Codice Aut. SPICS: 59245 |
| 245 ## - TITLE STATEMENT | |
| Title | Pedinando Zavattini. Immagini e testimonianze dal Cerreto al Po |
| 245 ## - TITLE STATEMENT | |
| Remainder of title | Pedinando Zavattini. immagini e Testimonianze dal Cerreto al Po |
| 250 ## - EDITION STATEMENT | |
| Edition statement | 1a ed. |
| 260 ## - PUBLICATION, DISTRIBUTION, ETC. (IMPRINT) | |
| Place of publication, distribution, etc. | REGGIO EMILIA |
| 260 ## - PUBLICATION, DISTRIBUTION, ETC. (IMPRINT) | |
| Name of publisher, distributor, etc. | Diabasis |
| 260 ## - PUBLICATION, DISTRIBUTION, ETC. (IMPRINT) | |
| Date of publication, distribution, etc. | 2004 [1° Ed.:2004 - Ed.Ling.Originale:2004] |
| 300 ## - PHYSICAL DESCRIPTION | |
| Extent | "208 p. (prefazione: no ; testo: 208 [pagine: 0-0])" |
| 500 ## - GENERAL NOTE | |
| General note | "Mio incontro con Cesare Zavattini Prologo di Gianni Celati. Cerreto Alpi: Tina Zavattini; Margherita Sentieri; Alfredo Sentieri; Lea Pensierini; Pietro Pensierini; Giovanni Lindo Ferretti; Carla Bianchi Casolari; Nello Leonardi; Raffaele Crovi; Pietro Formentini. Reggio Emilia: Giorgio Boccolari; Giorgio Cagnolati; Alessandro Carri; Tullio Masoni; Renzo Bonazzi; Renzo Bagni; Pantaleone. Gualtieri: Serafino Prati; Nerone; Angelo Salomoni; . Guastalla: Elena Guastalla; Marisa Bittasi; Giuseppe Amadei; Umberto Bonafini; Erminio Canova; Giovanni Miglioli; Gustavo Marchesi; Giovanna Manghi Signori. Luzzara: Edria toffoli; Massimo Soprani; Ugo Aldovrandi; Tiziana e Monicacopelli; Renato Bolondi; Bruno Maestri; Guido Sereni; Mario Scardova; Alberto Nodolini; Roberto Tizzi; Azeglio Bertoni; Serafino Valla; Fausto Alberini; Emilio Pozzi; Natale Fornasari; Carlo Sartori; Ermes Soliani; Antonio Benassi; Angelo Leidi; Angelo Maestri; Gianni toti; Sonia Notari; Dino Binacchi; Nives Pecchini Ghizzardi; Raffaele De Garda; Raffaele Andreassi; Valentina Fortichiari. Suzzara: Giovanni Negri; Marzio Dall'Acqua; Antonella Negri; Ottorino Brioni; Nardino Bottazzi; Giordano Cucconi; Egidio e Mauro Gorreri; Antonio Donati; Vittorio Montanari. Villastrada: Arneo Nizzoli; la sala Zavattini; Siro De Padova. Zavattini in 1 Quadro di Piccolo Formato." |
| 650 ## - SUBJECT ADDED ENTRY--TOPICAL TERM | |
| Topical term or geographic name as entry element | AUTORI/OPERE DEL CINEMA |
| 650 ## - SUBJECT ADDED ENTRY--TOPICAL TERM | |
| Relator term | Codice materia Spics: 6807 |
| 942 ## - ADDED ENTRY ELEMENTS (KOHA) | |
| Koha item type | LIBRO |
| 957 ## - | |
| -- | 1 |
| 999 ## - SYSTEM CONTROL NUMBERS (KOHA) | |
| -- | 1 |
| Withdrawn status | Lost status | Damaged status | Not for loan | Home library | Current library | Date acquired | Total Checkouts | Full call number | Date last seen | Price effective from | Koha item type | Public note |
|---|---|---|---|---|---|---|---|---|---|---|---|---|
| Buone Condizioni | Not For Loan | SPICS-MEDIATECA | SPICS-MEDIATECA | 08/03/2013 | H8153 | 08/03/2013 | 08/03/2013 | LIBRO | Progressivo inserimento: 35833 / N. Volumi: 1 Copie: 1 / data import: 1 marzo 2013 - By Epidotti, Trombetti, Vaglietti. |